00291nam a22000977a 4500008004100000100001800041245009200059260000900151300001200160773002100172190903b ||||| |||| 00| 0 eng d aNauriya, Anil aOn Gandhi's reflections during his last days: some socio-economic and political aspects c2019 ap.9-25. aSocial Scientist